00601 a2200181 4500003000400000005001700004008004100021020001800062040000900080082001800089100002500107245005200132260003900184300000900223942004200232952012800274999001700402OSt20231218161751.0231218b |||||||| |||| 00| 0 eng d a9789350720288 coclc a891.43bGAU/H aGautam, Vikal910176 aHINDI NADAK RANG SHILPA DARSHAN /cVikal Gautam aNew Delhi:bVani Prakashan,c2013. a101p 2ddccBKh891.43iGAU/Hk891.43mGAU/H 00102ddc40708LITaMESbMEScHINd2023-12-18l0o891.43 GAU/Hp43127r2023-12-18 16:18:26v200.00w2023-12-18yBKzGR6R3 c43493d43493